000
00277nam a2200121Ia 4500
008
190216s9999||||xx |||||||||||||| ||und||
100
_a
Null
245
0
_a
Stories From Tagore
260
_b
Mac Millian And Com. Ltd
_c
1964
300
_a
176p
650
_a
Speeches
942
_c
BK
999
_c
11579
_d
11579